| 000 | 00486nam a2200169 i 4500 | ||
|---|---|---|---|
| 001 | 99192 | ||
| 003 | ES-MaACL | ||
| 005 | 20230906182446.0 | ||
| 007 | t| | ||
| 008 | 050902s1973 sp ||||1| spa d | ||
| 100 | 1 |
_aAgacir. _977504 |
|
| 245 | 1 | 0 |
_aSalamanca _b: horas de ausencia / _cManuel Fulgencio Martín García. |
| 260 |
_aSalamanca : _b[s.n.], _c1973 ( _fGraficesa) |
||
| 300 |
_a52 p. ; _c17. |
||
| 852 |
_aES-MaACL _jE-5059 _bR.88941 |
||
| 852 |
_aES-MaACL _j2086-F-29 _bR.89053 |
||
| 999 |
_c99192 _d99192 |
||